00437nam a2200157Ia 45000010006000000050017000060080041000230410008000640820016000721000038000882450100001262600009002263000028002356500008002636540008002711329720260306164750.0260306t2011||||xx |||||||||||||| ||spa|| aESP a001.42bM36 aMedina García, Victor HugoeAUT 0aInvestigación en ingeniería:bciencia y tecnología de la información y del conocimiento c2011 a357 páginas :c23 cm. aGEN aCHU